Men on Playboy Quiz Stats

 Plays Quiz Updated Sep 13, 2019

Score 0/10 Timer 04:00
0 Plays Today
Year Man % Correct
1999Gene Simmons
76.1%
1980Steve Martin
75.7%
1993Jerry Seinfeld
66.8%
1979Burt Reynolds
64.5%
2009Seth Rogen
58.2%
1996Leslie Nielsen
49.5%
1993Dan Aykroyd
45.9%
1964Peter Sellers
40.3%
2012Bruno Mars
39.9%
1990Donald Trump
38.2%

You're not logged in!

Compare scores with friends on all Sporcle quizzes.
OR
Log In

Sporcle TV

Today on Sporcle TV


Watch our educational content, quiz creation guides, and fun videos on Sporcle TV.

Show Comments

Extras

Top Quizzes Today


Score Distribution

Your Account Isn't Verified!

In order to create a playlist on Sporcle, you need to verify the email address you used during registration. Go to your Sporcle Settings to finish the process.

Report this User

Report this user for behavior that violates our Community Guidelines.

Details: